00487nam a2200109Ia 4500008004100000050002400041100002600065245015700091260008600248300002800334521001500362140724s9999 xx 000 0 und d aBF 501b.Al475 2009 aAlviar, Anthony John. aIntrinsic and extrinsic motivation of male and female athletes in Southville International School and Colleges A.Y. 2008-2009 /cAnthony John M. Alviar. aLas Piñas, Philippines :bSouthville International School and Colleges,cc2009. a44 p. :bill. ;c28 cm. aPsychology